| 000 | 00000nam##2200000za#4500 |
| 001 | 9.625624 |
| 003 | CaOODSP |
| 005 | 20210615104217 |
| 007 | ta |
| 008 | 150406|2001||||xxc||||| f|0| 0 fre|d |
| 020 | |a0-662-85736-4 |
| 040 | |aCaOODSP|bfre |
| 043 | |an-cn--- |
| 086 | 1 |aM92-213/2001F |
| 110 | 1 |aCanada.|bRessources naturelles Canada. |bDirection des ressources énergétiques. |
| 245 | 13|aLa biomasse, source de chaleur et de bénéfices nets |
| 260 | |aOttawa - Ontario : |bRessources naturelles Canada. |c2001. |
| 300 | |a8p. : |bill. ; |c28 cm. |
| 490 | 1 |aSérie sur la bioénergie |v1 |
| 520 | 3 |aCette brochure publiée par Ressources naturelles Canada explique comment utiliser l’énergie tirée de la biomasse, ou bioénergie, pour le chauffage. Elle brosse le profil de quatre petites entreprises canadiennes qui se sont équipées de systèmes de chauffage à la biomasse. Elle conclut que les quatre entreprises ont enregistré des économies considérables et n’ont plus à se préoccuper de la fluctuation de l’offre de combustibles. |
| 563 | |aCouverture souple |
| 590 | |a02-17|b2002-04-26 |
| 691 | 07|aBiomasse|2gcpds |
| 691 | 07|aChauffage|2gcpds |
| 691 | 07|aÉtude de cas|2gcpds |
| 691 | 07|aEntreprise|2gcpds |
| 776 | 0#|tLa biomasse, source de chaleur et de bénéfices nets |w(CaOODSP)9.603072 |
| 830 | #0|aSérie sur la bioénergie ;|v1|w(CaOODSP)9.513140 |